Cestovní náhrady a daň silniční ve školství /

Hlavní autor: Janoušek, Karel, 1946-
Jazyk: Čeština
Vydáno: Karviná : Paris, 2015
Vydání: 1. vyd.
Témata:
Fyzický popis: 374 s. : il., formuláře ; 21 cm
Knihy
Uloženo v:
LEADER 01616nam a2200445 a 4500
001 nkc20152661809
003 CZ PrNK
005 20150306065121.0
007 ta
008 150211s2015 xr ak e f 000 0 cze
015 |a cnb002661809 
020 |a 978-80-87173-30-5  |q (brož.) :  |c Kč 440,00 
035 |a (OCoLC)907525473 
040 |a ABA001  |b cze  |d OLA001 
043 |a e-xr--- 
072 7 |a 331  |x Práce  |2 Konspekt  |9 4 
080 |a 331.346.2  |2 MRF 
080 |a 336.226.4  |2 MRF 
080 |a (437.3)  |2 MRF 
080 |a (035)  |2 MRF 
100 1 |a Janoušek, Karel,  |d 1946-  |7 jn99240000363  |4 aut 
245 1 0 |a Cestovní náhrady a daň silniční ve školství /  |c Karel Janoušek 
250 |a 1. vyd. 
260 |a Karviná :  |b Paris,  |c 2015 
300 |a 374 s. :  |b il., formuláře ;  |c 21 cm 
500 |a Terminologický slovník 
504 |a Obsahuje bibliografické odkazy 
650 0 7 |a cestovní náhrady  |7 ph119112  |z Česko  |2 czenas 
650 0 7 |a silniční daň  |7 ph125531  |z Česko  |2 czenas 
650 0 9 |a travel allowances  |z Czechia  |2 eczenas 
650 0 9 |a road traffic tax  |z Czechia  |2 eczenas 
655 7 |a příručky  |7 fd133209  |2 czenas 
655 9 |a handbooks and manuals  |2 eczenas 
910 2 |a BOA001  |b 2-1341.289 
990 |a BK 
995 |a 01 
991 |b 201503  |c NOV  |e n 
996 6 |b 2610620836  |c 2-1341.289  |l MZK  |r Sklad / do 1 hodiny  |n 1  |p p.v.  |w 001487680  |u 000010  |a 1  |e BOA001  |j MZK50  |s P 
996 6 |b 2610622560  |c 2-1341.289  |l MZK  |r HSS 4p  |n 0  |p kup  |h 35 JAN  |w 001487680  |u 000020  |a 0  |e BOA001  |j MZK50  |s P 
996 7 |b 2610622561  |c 2-1341.289  |l MZK  |r Sklad / do 1 hodiny  |n 3  |p kup  |w 001487680  |u 000030  |a 1  |e BOA001  |j MZK50  |s A